000 00481nam a2200169Ia 4500
005 20250508154212.0
008 008 250505s9999 xx 000 0 eng d
037 _aBooks to be hide in OPAC
040 _aFEDL
_beng
_cFEDL
041 _aeng
_2eng
084 _a370.942, GRE/O
_qFEDL
245 0 _aEducation in Britain
260 _aLondon, UK
_bCentral Office of Information
_c1955
300 _a55p.
942 _cHB
_h370.942, GRE/O
999 _c1348506
_d1348506